000 00330 a2200157 4500
001 67894
020 _a9788516060466
040 _cAnchieta - Pituba
100 _aHermann, Rosana
240 1 0 _aPresas na teia
_lpor
245 1 0 _aPresas na teia
300 _a87
362 0 _a2008
650 4 _aLiteratura juvenil
942 _cBK
999 _c67894
_d67894